LEADER 01063nam0-22002651i-450- 001 990003226080403321 005 20031117142517.0 035 $a000322608 035 $aFED01000322608 035 $a(Aleph)000322608FED01 035 $a000322608 100 $a20030910d1984----km-y0itay50------ba 101 0 $aita 102 $aIT 200 1 $a<>trasporto viaggiatori su strada$eanalisi per regione$eanno 1982$e(autobus urbani ed extraurbani, autovetture e mobilità sistematica delle persone secondo l'ultimo censimento generale della popolazione)$fMinistero dei trasporti. Direzione generale programmazione, organizzazione e coordinamento 210 $aRoma$c[s.n.]$d1984 215 $a87 p.$d30 cm 710 01$aItalia.$bMinistero dei trasporti e della navigazione.$bDirezione generale programmazione, organizzazione e coordinamento$0375694 801 0$aIT$bUNINA$gRICA$2UNIMARC 901 $aBK 912 $a990003226080403321 952 $aDep H/3.2 TRA$bs.n.259$fSES 959 $aSES 996 $aTrasporto viaggiatori su strada$9454796 997 $aUNINA LEADER 00930nam0-2200325---450 001 990005651440203316 005 20210811085159.0 035 $a000565144 035 $aUSA01000565144 035 $a(ALEPH)000565144USA01 100 $a20040721d1985----km y1itay5003----ba 101 1 $aita$ceng 102 $aIT 200 1 $aRacconti d'inverno$fKaren Blixen 210 $aMilano$cBompiani$d1985 215 $a319 p.$d19 cm 225 2 $aTascabili Bompiani$v330 300 $aTraduzione di Adriana Motti 410 0$12001$aTascabili Bompiani$v330 454 0$1001SA0011155$12001$aWinter tales$fKaren Blixen$91859924 676 $a839.8 700 1$aBLIXEN,$bKaren$0438920 702 1$aMOTTI,$bAdriana 801 0$aIT$bSA$c20111219 912 $a990005651440203316 951 $aXV.18.B. 75 (FDC 800 BLI)$b5924 FIL$cXV.18.B.$d549568 959 $aBK 969 $aFDECI 996 $aWinter tales$91859924 997 $aUNISA